Eusebi Güell i Bacigaupi, patrici de la Renaixença : de l'1 d'octubre al 5 de novembre de 2018 de l'1 d'octubre al 5 de novembre de 2018
Descripción Física:
6 pàgines : il·lustracions ; 21 cm
Colección:
Any Güell 2018
Materias:
Güell i Bacigalupi, Eusebi, -- 1846-1918
; Güell i Bacigalupi, Eusebi, -- 1846-1918 -- Congressos
Idioma:
Catalán
MARC
| LEADER | 00000nam a22000007a 4500 | ||
|---|---|---|---|
| 001 | 25684 | ||
| 003 | Arxiu | ||
| 005 | 20260324181115.0 | ||
| 008 | 220517b spa||||| |||| 00| 0 cat d | ||
| 017 | |a DL B 22800-2018 | ||
| 080 | |a FU-69-76 | ||
| 111 | |a Cicle de Conferències del Palau Güell |n (10è : |d 2018 : |c Barcelona) |9 53125 | ||
| 245 | |a Eusebi Güell i Bacigaupi, patrici de la Renaixença : |b de l'1 d'octubre al 5 de novembre de 2018 | ||
| 260 | |a Barcelona : |b Palau Güell, |c 2018 | ||
| 300 | |a 6 pàgines : |b il·lustracions ; |c 21 cm | ||
| 490 | |a Any Güell 2018 | ||
| 500 | |a A la portada: X cicle de conferències del Palau Güell | ||
| 600 | 0 | |9 17363 |a Güell i Bacigalupi, Eusebi, |d 1846-1918 | |
| 600 | 0 | |9 53126 |a Güell i Bacigalupi, Eusebi, |d 1846-1918 |v Congressos | |
| 710 | 2 | |a Palau Güell (Barcelona) |9 17034 | |
| 942 | |2 udc |c ARXIU |n 1 | ||
| 952 | |0 0 |1 0 |4 0 |6 FU6976 |7 1 |9 62079 |a Arxiu |b Arxiu |d 2022-05-27 |l 0 |o FU-69-76 |p 25684 |r 2022-05-27 00:00:00 |w 2022-05-27 |y ARXIU | ||
| 999 | |c 81790 |d 81790 | ||